Roulette Bets Quiz Stats

 Plays Quiz not verified by Sporcle

Support Sporcle.
Go Orange.
Score 0/7 Timer 02:00
0 Plays Today
Names of Bets What they're worth if you hit % Correct
Odd, Even, Dozens, Red or Black1
99.5%
Six Line5
92.9%
Straight Up35
91.8%
Split17
91.8%
Street11
87.4%
Basket11
87.4%
Top Line6
83.6%

You're not logged in!

Compare scores with friends on all Sporcle quizzes.
OR
Log In

From the Vault

NFL Decade Yardage Leaders: '80s-'00s

by cdhmiamifan13

If this quiz isn't proof that the NFL has become a quarterbacks league, I don't know what is.
Remove Ads.
Support Sporcle.
Get the best of Sporcle when you Go Orange. This ad-free experience offers more features, more stats, and more fun while also helping to support Sporcle. Thank you for becoming a member.

Show Comments

Extras

Created Feb 15, 2011ReportNominate
Tags:casino, Gambling, roulette

Top Quizzes Today


Score Distribution

Your Account Isn't Verified!

In order to create a playlist on Sporcle, you need to verify the email address you used during registration. Go to your Sporcle Settings to finish the process.

Report this User

Report this user for behavior that violates our Community Guidelines.

Details: